Animal law in a nutshell / (Record no. 3350)

000 -LEADER
fixed length control field 01335cam a2200337 a 4500
001 - CONTROL NUMBER
control field 16690707
003 - CONTROL NUMBER IDENTIFIER
control field OSt
005 - DATE AND TIME OF LATEST TRANSACTION
control field 20161004095820.0
008 - FIXED-LENGTH DATA ELEMENTS--GENERAL INFORMATION
fixed length control field 110314s2011 mnu b 001 0 eng c
010 ## - LIBRARY OF CONGRESS CONTROL NUMBER
LC control number 2011288201
020 ## - INTERNATIONAL STANDARD BOOK NUMBER
International Standard Book Number 0314195971 (pbk.)
020 ## - INTERNATIONAL STANDARD BOOK NUMBER
International Standard Book Number 9780314195975 (pbk.)
035 ## - SYSTEM CONTROL NUMBER
System control number (OCoLC)ocn694586091
040 ## - CATALOGING SOURCE
Original cataloging agency CDL
Transcribing agency CDL
Modifying agency CDL
-- ILI
-- DLC
042 ## - AUTHENTICATION CODE
Authentication code pcc
043 ## - GEOGRAPHIC AREA CODE
Geographic area code n-us---
050 00 - LIBRARY OF CONGRESS CALL NUMBER
Classification number KF390.5.F73 2011
100 1# - MAIN ENTRY--PERSONAL NAME
Personal name Frasch, Pamela D.
245 10 - TITLE STATEMENT
Title Animal law in a nutshell /
Statement of responsibility, etc by Pamela D. Frasch ... [et al.].
246 18 - VARYING FORM OF TITLE
Title proper/short title Animal law
260 ## - PUBLICATION, DISTRIBUTION, ETC. (IMPRINT)
Place of publication, distribution, etc St. Paul, MN :
Name of publisher, distributor, etc Thomson/West,
Date of publication, distribution, etc c2011.
300 ## - PHYSICAL DESCRIPTION
Extent xxxv, 405 p. ;
Dimensions 19 cm.
490 1# - SERIES STATEMENT
Series statement West nutshell series
504 ## - BIBLIOGRAPHY, ETC. NOTE
Bibliography, etc Includes bibliographical references and index.
505 0# - FORMATTED CONTENTS NOTE
Formatted contents note Introduction -- Defining "animal" -- Criminal law -- Torts -- Remedies for harm done to animals -- Contracts -- State and local regulation of animal ownership -- Wills and trusts -- Standing -- Selected federal laws -- Farmed animals -- Animals in research -- Hunting, trapping, and fishing -- Animal activism.
650 #0 - SUBJECT ADDED ENTRY--TOPICAL TERM
Topical term or geographic name as entry element Animals
General subdivision Law and legislation
Geographic subdivision United States.
830 #0 - SERIES ADDED ENTRY--UNIFORM TITLE
Uniform title Nutshell series.
906 ## - LOCAL DATA ELEMENT F, LDF (RLIN)
a 7
b cbc
c pccadap
d 2
e ncip
f 20
g y-gencatlg
942 ## - ADDED ENTRY ELEMENTS (KOHA)
Source of classification or shelving scheme
Koha item type Book
Holdings
Withdrawn status Lost status Source of classification or shelving scheme Damaged status Not for loan Home library Current library Shelving location Date acquired Total Checkouts Full call number Barcode Date last seen Date checked out Copy number Price effective from Koha item type
          Riara University Library Riara University Library General stack 04/10/2016 1 KF390.5.F73 2011 8739/16 19/03/2019 26/02/2019 C.1 04/10/2016 Book

Riara University Library,
P.O. Box 49940-00100,
Nairobi, Kenya.